000 01020nam a2200325 c 4500
001 9489
003 ES-MaCES
005 20250121040008.0
008 991005s1998 sp o000 | spa d
024 7 _a207-98-018-1
_2nipo
035 _aCES19990014409m
040 _aES-MaCES
_bspa
_cES-MaCES
245 0 0 _aConciliar trabajo y vida familiar
_c[elaboración], Instituto de la Mujer
260 _a[Madrid]
_bInstituto de la Mujer
_c1998
300 _a34 p.
_c15x21 cm
500 _aTít. tomado de la cub.
541 _cGratuito
650 4 _amujeres
_928657
650 4 _atrabajadora madre de familia
_929565
650 4 _avida activa
_929550
650 4 _avida privada
_929238
650 4 _aigualdad de oportunidades
_927183
650 4 _aigualdad de oportunidades en el empleo
_930649
650 4 _alegislación
_927153
653 1 0 _aMujer
710 2 _aInstituto de la Mujer (España)
_94190
902 _aDOC Literatura gris
942 _2CES
_cBK
_h3.3.
999 _c9489
_d9489